Դասագիրք ընդհանուր պատմութեան / (Record no. 532097)
[ view plain ]
| 000 -LEADER | |
|---|---|
| fixed length control field | 01196nam a2200253 a 4500 |
| 001 - CONTROL NUMBER | |
| control field | 2001076 |
| 003 - CONTROL NUMBER IDENTIFIER | |
| control field | AM-YEHGA |
| 005 - DATE AND TIME OF LATEST TRANSACTION | |
| control field | 20250618080157.0 |
| 008 - FIXED-LENGTH DATA ELEMENTS--GENERAL INFORMATION | |
| fixed length control field | 241108s1909 gs d||||||||||||||0|arm|d |
| 040 ## - CATALOGING SOURCE | |
| Original cataloging agency | AM-YeHGA |
| 041 1# - LANGUAGE CODE | |
| Language code of text/sound track or separate title | arm |
| Language code of original | rus |
| 090 ## - LOCALLY ASSIGNED LC-TYPE CALL NUMBER (OCLC); LOCAL CALL NUMBER (RLIN) | |
| -- | 570974 |
| 100 1# - MAIN ENTRY--PERSONAL NAME | |
| Personal name | Վինոգրադով, Պավել |
| 245 10 - TITLE STATEMENT | |
| Title | Դասագիրք ընդհանուր պատմութեան / |
| Statement of responsibility, etc. | Պ. Վինոգրադով ; Թարգմ.՝ Գարեգին Խաժակ. |
| 250 ## - EDITION STATEMENT | |
| Edition statement | Հրատարակութիւն Գ․ Գալստեանի No 42. |
| 260 ## - PUBLICATION, DISTRIBUTION, ETC. | |
| Place of publication, distribution, etc. | Թիֆլիս : |
| Name of publisher, distributor, etc. | Էլեքտրատպարան Օր․ Ն․ Աղանեանցի, |
| Date of publication, distribution, etc. | 1909․ |
| 300 ## - PHYSICAL DESCRIPTION | |
| Extent | մաս ։ |
| Other physical details | աղյուսակ |
| 500 ## - GENERAL NOTE | |
| General note | Ռուսերէն 9-րդ Հրատարակութիւնից Հայերէն Թարգմանեց ԳԱՐԵԳԻՆ խԱԺԱԿ |
| 500 ## - GENERAL NOTE | |
| General note | Այս դասագիրքը ծառայում է իբր՝ ձեռնարկ ուսումնական միջնակարգ դպրոցներում |
| 505 10 - FORMATTED CONTENTS NOTE | |
| Miscellaneous information | Մ․ Բ (1909, 319 էջ, I-XIII էջ աղյուսակ) |
| 650 14 - SUBJECT ADDED ENTRY--TOPICAL TERM | |
| Topical term or geographic name entry element | Պատմություն |
| Form subdivision | Դասագիրք |
| Chronological subdivision | Միջին դարեր |
| 700 1# - ADDED ENTRY--PERSONAL NAME | |
| Personal name | Խաժակ, Գարեգին, |
| Relator term | թարգմ. |
| Relationship | trl |
| 9 (RLIN) | 727 |
| 942 ## - ADDED ENTRY ELEMENTS (KOHA) | |
| Source of classification or shelving scheme | Universal Decimal Classification |
| Koha item type | Գրքեր / Books |
| Withdrawn status | Lost status | Source of classification or shelving scheme | Damaged status | Not for loan | Collection | Home library | Current library | Date acquired | Serial enumeration / chronology | Total checkouts | Full call number | Barcode | Date last seen | Price effective from | Koha item type | Public note |
|---|---|---|---|---|---|---|---|---|---|---|---|---|---|---|---|---|
| Universal Decimal Classification | Edgaryan Individual Collection | Fundamental Scientific Library | Fundamental Scientific Library | 08/11/2024 | Մ․ Բ | Էդգ/385 | FL0684409 | 08/11/2024 | 08/11/2024 | Գրքեր / Books | ILL Non-Circ. |
ՀՀ Գիտությունների ազգային ակադեմիայի հիմնարար գիտական գրադարան = Fundamental Scientific Library of NAS RA
All site content, except where otherwise noted, is licensed under a